Organization Theory Modern, Symbolic, and Postmodern Perspectives

Gespeichert in:
Bibliographische Detailangaben
1. Verfasser: Hatch, Mary Jo
Format: Buch
Sprache:Englisch
Veröffentlicht: Oxford Oxford University Press 2018
Ausgabe:4th Edition
Schlagworte:
Tags: Tag hinzufügen
Keine Tags, Fügen Sie das erste Tag hinzu!

MARC

LEADER 00000nam a2200000 4500
001 0246908
005 20230109072737.4
020 |a 978-0-19-872398-1 
041 0 |a eng 
044 |a GB 
245 1 0 |a Organization Theory  |b Modern, Symbolic, and Postmodern Perspectives  |c Mary Jo Hatch 
250 |a 4th Edition 
264 1 |a Oxford  |b Oxford University Press  |c 2018 
300 |a 408 s. 
610 2 0 |a organizácie 
610 2 0 |a podnik 
610 2 0 |a teória organizácie 
610 2 0 |a vývoj 
610 2 0 |a prostredie podnikové 
610 2 0 |a štruktúra podniku organizačná 
610 2 0 |a štruktúra sociálna 
610 2 0 |a kultúra podniková 
610 2 0 |a politika podniková 
610 2 0 |a konflikty 
610 2 0 |a kontrola 
610 2 0 |a identita podniková 
100 1 |a Hatch, Mary Jo